|
|
|
|
| LEADER |
00831ncm a22002412a 4500 |
| 001 |
001080806 |
| 003 |
CZ BrMZK |
| 005 |
20120913135206.0 |
| 007 |
qu |
| 008 |
091218s1956 xr |||||||||||||||||cze d |
| 040 |
|
|
|a BOA001
|b cze
|
| 072 |
|
7 |
|a 784
|x Vokální hudba
|2 Konspekt
|9 9
|
| 100 |
1 |
|
|a Massalitinov, Konstantin Iraklijevič,
|d 1905-1979
|7 mzk2012720498
|4 cmp
|
| 245 |
1 |
0 |
|a Pozdrav čínské zemi
|h [hudebnina] :
|b smíšený sbor s doprovodem /
|c Konstantin Iraklijev Massalitinov
|
| 260 |
|
|
|a [Praha :
|b Ústřední dům lidové tvořivosti,
|c 1956]
|
| 300 |
|
|
|a 5 s.
|
| 500 |
|
|
|a Rozmnoženo
|
| 500 |
|
|
|a Smíšený sbor s klavírem
|
| 500 |
|
|
|a Paritura
|
| 910 |
|
|
|a BOA001
|b Mus2-0422.800
|
| 990 |
|
|
|a MU
|
| 991 |
|
|
|b 200912
|
| 996 |
6 |
|
|b 2619437493
|c Mus2-0422.800
|l MZK
|r Sklad / do 1 hodiny
|n 0
|w 001102647
|u 000010
|a 1
|e BOA001
|j MZK50
|s P
|